| 000 | 00637cab a2200229 4500 | ||
|---|---|---|---|
| 001 | X457 | ||
| 008 | 090401t1993 xxu||||| |||| 00| 0 eng d | ||
| 035 | _a(Sirsi) u65736 | ||
| 041 | _aeng | ||
| 100 | _aRayburn, W.B. | ||
| 245 | _aUniform standards of professional appraisal practice: implications for the financial community | ||
| 260 | _c1993 | ||
| 350 | _a0 | ||
| 490 |
_aAppraisal Journal _v61(1) January 1993, 90-99(10) |
||
| 650 | _aFIRREA | ||
| 650 | _aUSA | ||
| 650 | _aUSPAP | ||
| 690 | _aMANAGEMENT-BUSINESS MANAGEMENT-PROFESSIONAL PRACTICE | ||
| 690 | _aRATING AND VALUATION | ||
| 942 | _n0 | ||
| 948 | _c04/03/1997 | ||
| 999 |
_c41026 _d41026 |
||